Normal view
MARC view
- Universities and colleges
Entry Topical Term
001 - CONTROL NUMBER
- control field: 13114
003 - CONTROL NUMBER IDENTIFIER
- control field: NUST
005 - DATE AND TIME OF LATEST TRANSACTION
- control field: 20190122112950.0
008 - FIXED-LENGTH DATA ELEMENTS
- fixed length control field: 190122|| aca||aabn | a|a d
040 ## - CATALOGING SOURCE
- Original cataloging agency: NUST
- Transcribing agency: NUST
150 ## - HEADING--TOPICAL TERM
- Topical term or geographic name entry element: Universities and colleges
- General subdivision: Entrance examinations.
670 ## - SOURCE DATA FOUND
- Source citation: Work cat.: (NUST)0: Jakeman, Vanessa. 13111, Insight into IELTS :, 2001
